| 000 | 06821cam a22020414i 4500 | ||
|---|---|---|---|
| 003 | PE-LiUPU | ||
| 005 | 20250813165854.0 | ||
| 008 | 150706s2009 mx a rb 000 0 spa d | ||
| 020 | _a9789681863685 | ||
| 035 | _a(Sirsi) i9789681863685 | ||
| 040 |
_aPE-LiUPU _bspa _cPE-LiUPU _erda |
||
| 049 | _aPRUA | ||
| 082 | 0 | 4 |
_a664.07 _bIT _221 |
| 082 | 0 | 4 |
_a664 _bA17 2009 |
| 110 | 2 | _aAcademia del Área de Plantas Piloto de alimentos. | |
| 245 | 1 | 0 |
_aIntroducción a la tecnología de alimentos / _cAcademia del área de Plantas Piloto de Alimentos ; Salvador Bedolla Bernal. |
| 250 | _a2da edición. | ||
| 264 | 1 |
_aMéxico : _bLimusa, _c2009. |
|
| 300 |
_a148 páginas : _bilustraciones ; _c28 centímetros. |
||
| 336 |
_atext _2rdacontent |
||
| 337 |
_aunmediated _2rdamedia |
||
| 338 |
_avolume _2rdacarrier |
||
| 504 | _aBibliografía al final de cada capítulo. | ||
| 505 | 0 | _aTecnología de productos lácteos -- Cultivos lácticos y su aplicación en la elaboración del yogur -- Elaboración de quesos -- Tecnologías de frutas y hortalizas -- Procesamiento de frutas -- Construcción de curvas de penetración de calor -- Tecnología de productos cárnicos -- Marco conceptual de referencia -- Procesos de fabricación. Elaboración de jamón cocido -- Elaboración de salchicha estilo Viena -- Elaboración de chorizo -- Tecnología de cereales -- Elaboración del pan blanco de caja -- Manejo de mesclas de harinas en la elaboración de galletas -- Confitería -- Elaboración de caramelo, chicloso y dulce de leche -- Elaboración de confites con agentes gelificantes. | |
| 526 | _aP203 | ||
| 526 | _aP200 | ||
| 526 | _aSEG65 | ||
| 526 | _aSEG64 | ||
| 526 | _aSEG63 | ||
| 526 | _aSEG62 | ||
| 526 | _aSEG61 | ||
| 526 | _aSEG60 | ||
| 526 | _aSEG59 | ||
| 526 | _aSEG58 | ||
| 526 | _aSEG57 | ||
| 526 | _aSEG56 | ||
| 526 | _aSEG55 | ||
| 526 | _aSEG54 | ||
| 526 | _aSEG53 | ||
| 526 | _aSEG52 | ||
| 526 | _aSEG51 | ||
| 526 | _aSEG50 | ||
| 526 | _aSEG49 | ||
| 526 | _aSEG48 | ||
| 526 | _aSEG47 | ||
| 526 | _aSEG46 | ||
| 526 | _aSEG24 | ||
| 526 | _aSEG23 | ||
| 526 | _aSEG22 | ||
| 526 | _aSEG21 | ||
| 526 | _aSEG20 | ||
| 526 | _aSEG19 | ||
| 526 | _aSEG18 | ||
| 526 | _aSEG17 | ||
| 526 | _aSEG16 | ||
| 526 | _aSEG14 | ||
| 526 | _aSEG13 | ||
| 526 | _aSEG12 | ||
| 526 | _aSEG11 | ||
| 526 | _aSEG10 | ||
| 526 | _aSEG09 | ||
| 526 | _aSEG06 | ||
| 526 | _aSEG05 | ||
| 526 | _aSEG04 | ||
| 526 | _aSEG03 | ||
| 526 | _aSEG02 | ||
| 526 | _aSEG68 | ||
| 526 | _aSEG66 | ||
| 526 | _aSEG45 | ||
| 526 | _aSEG25 | ||
| 526 | _aSEG01 | ||
| 526 | _aP163 | ||
| 526 | _aP162 | ||
| 526 | _aP161 | ||
| 526 | _aP160 | ||
| 526 | _aP159 | ||
| 526 | _aP158 | ||
| 526 | _aP157 | ||
| 526 | _aP156 | ||
| 526 | _aP155 | ||
| 526 | _aP154 | ||
| 526 | _aP153 | ||
| 526 | _aP152 | ||
| 526 | _aP151 | ||
| 526 | _aP150 | ||
| 526 | _aP149 | ||
| 526 | _aP142 | ||
| 526 | _aP141 | ||
| 526 | _aP140 | ||
| 526 | _aP139 | ||
| 526 | _aP138 | ||
| 526 | _aP137 | ||
| 526 | _aP132 | ||
| 526 | _aP131 | ||
| 526 | _aP130 | ||
| 526 | _aP126 | ||
| 526 | _aP125 | ||
| 526 | _aP124 | ||
| 526 | _aP123 | ||
| 526 | _aP115 | ||
| 526 | _aP122 | ||
| 526 | _aP121 | ||
| 526 | _aP116 | ||
| 526 | _a P114 | ||
| 526 | _aP112 | ||
| 526 | _aP111 | ||
| 526 | _aP104 | ||
| 526 | _aP103 | ||
| 526 | _aP102 | ||
| 526 | _aP101 | ||
| 526 | _aP100 | ||
| 526 | _aP96 | ||
| 526 | _aP95 | ||
| 526 | _aP93 | ||
| 526 | _aP92 | ||
| 526 | _aP91 | ||
| 526 | _aP88 | ||
| 526 | _aP83 | ||
| 526 | _aP82 | ||
| 526 | _aP79 | ||
| 526 | _aP78 | ||
| 526 | _aP75 | ||
| 526 | _aP74 | ||
| 526 | _aP71 | ||
| 526 | _aP69 | ||
| 526 | _a P51 | ||
| 526 | _aP49 | ||
| 526 | _aP48 | ||
| 526 | _aP47 | ||
| 526 | _aP33 | ||
| 526 | _aP31 | ||
| 526 | _a P30 | ||
| 526 | _aP29 | ||
| 526 | _aP27 | ||
| 526 | _aP26 | ||
| 526 | _aP25 | ||
| 526 | _aP24 | ||
| 526 | _a P22 | ||
| 526 | _aP10 | ||
| 526 | _aP09 | ||
| 526 | _a P08 | ||
| 526 | _aP06 | ||
| 526 | _aP05 | ||
| 526 | _aP04 | ||
| 526 | _aP01 | ||
| 541 | _g001-0035682; | ||
| 541 | _gF002-00000769; | ||
| 650 | 0 | 4 |
_aAlimentos _xAnálisis. |
| 650 | 0 | 4 |
_aAlimentos _xComposición. |
| 650 | 0 | 4 |
_aIndustrias alimenticias _xControl de calidad. |
| 650 | 0 | 4 |
_aConservación de alimentos. _93260 |
| 650 | 0 | 4 |
_aTecnología de alimentos _xMedidas sanitarias. |
| 700 | 1 |
_aDueñas Gallegos, Claudia, _eautor. |
|
| 700 | 1 |
_aEsquivel Ibarra, Isabel, _eautor. |
|
| 910 |
_agl _bjv _clch _d20120819 |
||
| 910 |
_btqv _cwelc _d20170703 |
||
| 910 |
_adbm _bksl _cksl _d20181112 |
||
| 942 |
_2ddc _cBOOK |
||
| 949 |
_a664.07 IT _wDEWEY _c1 _i65230 _lCCODEBUL1 _mBUL _p15.00 _r0 _sY _tBOOK _u2015-7-6 _xINGENIERIA _PP26 _o.STAFF. Colección General |
||
| 949 |
_a664 A17 2009 _wDEWEY _c1 _iFJ06586 _lCCODEBUJ1 _mBUJ _p15.00 _r0 _sY _tBOOK _u2017-07-03 _xINGENIERIA _PP26 _0COMPRA _o.STAFF. Colección General Juliaca |
||
| 949 |
_a664 A17 2009 _wDEWEY _c2 _iFJ06632 _lCCODEBUJ1 _mBUJ _p15.00 _r0 _sY _tBOOK _u2017-07-03 _xINGENIERIA _PP26 _0COMPRA _o.STAFF. Colección General Juliaca |
||
| 949 |
_a664 A17 2009 _wDEWEY _c3 _iFJ06645 _lCCODEBUJ1 _mBUJ _p15.00 _r0 _sY _tBOOK _u2017-07-03 _xINGENIERIA _PP26 _0COMPRA _o.STAFF. Colección General Juliaca |
||
| 949 |
_a664 A17 2009 _wDEWEY _c4 _iFJ06649 _lCCODEBUJ1 _mBUJ _p15.00 _r0 _sY _tBOOK _u2017-07-03 _xINGENIERIA _PP26 _0COMPRA _o.STAFF. Colección General Juliaca |
||
| 994 |
_aC0 _bPEPRU |
||
| 596 | _a1 3 | ||
| 999 |
_a664.07 IT _wDEWEY _c53838 _i65230 _d53838 _f2021-11-9 _g7 _lCCODEBUL1 _mBUL _p15.00 _q2 _r0 _sY _tBOOK _u2015-7-6 _xINGENIERIA _PP26 _0COMPRA _o.STAFF. Colección Ingeniería y Arquitectura |
||
| 999 |
_a664.07 IT _wDEWEY _c2 _i79584 _f2021-11-9 _g4 _lCCODEBUL1 _mBUL _p17.58 _r0 _sY _tBOOK _u2018-12-12 _xINGENIERIA _PP26 _0COMPRA _1FCOMPR2 _o.STAFF. Colección Ingeniería y Arquitectura |
||
| 999 |
_a664 A17 2009 _wDEWEY _c1 _iFJ06586 _f2022-2-1 _g5 _lCCODEBUJ1 _mBUJ _p15.00 _r0 _sY _tBOOK _u2017-7-3 _xINGENIERIA _PP26 _0COMPRA _o.STAFF. Colección General Juliaca |
||
| 999 |
_a664 A17 2009 _wDEWEY _c2 _iFJ06632 _f2022-2-1 _g5 _lCCODEBUJ1 _mBUJ _p15.00 _r0 _sY _tBOOK _u2017-7-3 _xINGENIERIA _PP26 _0COMPRA _o.STAFF. Colección General Juliaca |
||
| 999 |
_a664 A17 2009 _wDEWEY _c3 _iFJ06645 _d2017-11-8 _f2022-2-1 _g5 _lCCODEBUJ1 _mBUJ _p15.00 _q3 _r0 _sY _tBOOK _u2017-7-3 _xINGENIERIA _PP26 _0COMPRA _o.STAFF. Colección General Juliaca |
||
| 999 |
_a664 A17 2009 _wDEWEY _c4 _iFJ06649 _f2022-2-1 _g4 _lCCODEBUJ1 _mBUJ _p15.00 _r0 _sY _tBOOK _u2017-7-3 _xINGENIERIA _PP26 _0COMPRA _o.STAFF. Colección General Juliaca |
||
| 980 |
_81 _gALBERTO SANCHEZ Responsable de Automatización |
||